[Event "DBMM 2015 (XV.)"]
[Site "München"]
[Date "2015.10.23"]
[Round "6.1"]
[White "Schröder, Kai Uwe"]
[Black "Jacobsen, Rüdiger"]
[Result "1/2-1/2"]
[WhiteElo "1858"]
[BlackElo "1523"]
[PlyCount "30"]
[EventDate "2015.10.24"]
[EventCountry "GER"]
[WhiteTeam "Transit Hühnerposten Hamburg 2"]
[BlackTeam "SG Airbus Bremen 1"]

1. e4 e5 2. Nf3 Nc6 3. Bb5 Bc5 4. O-O d6 5. d3 Bd7 6. Be3 Nd4 7. Bxd7+ Qxd7 8.
c3 Nxf3+ 9. Qxf3 Bb6 10. Na3 Ne7 11. Nc4 O-O 12. a4 f5 13. exf5 Qxf5 14. Qxf5
Nxf5 15. Bxb6 axb6 1/2-1/2

[Event "DBMM 2015 (XV.)"]
[Site "München"]
[Date "2015.10.23"]
[Round "6.2"]
[White "Mikoteit, Siegfried"]
[Black "Figger, Udo"]
[Result "0-1"]
[WhiteElo "1293"]
[BlackElo "1906"]
[PlyCount "33"]
[EventDate "2015.10.24"]
[EventType "swiss"]
[EventCountry "GER"]
[WhiteTeam "SG Airbus Bremen 1"]
[BlackTeam "Transit Hühnerposten Hamburg 2"]

1. e4 a6 2. d4 b5 3. a3 Bb7 4. Nc3 e6 5. Bd3 Nf6 6. Nf3 c5 7. dxc5 Bxc5 8. b4
Be7 9. O-O d6 10. Re1 Nbd7 11. e5 dxe5 12. Be4 Nxe4 13. Nxe4 Nf6 14. Nxf6+ gxf6
15. Nd2 Rg8 16. g3 Qd5 17. f3 0-1

[Event "DBMM 2015 (XV.)"]
[Site "München"]
[Date "2015.10.25"]
[Round "7.4"]
[White "Heer, Stephan"]
[Black "Sindern, Christoph"]
[Result "1-0"]
[WhiteElo "2127"]
[BlackElo "1569"]
[Annotator "Peter"]
[PlyCount "28"]
[EventDate "2015.10.22"]
[EventRounds "7"]
[EventCountry "GER"]
[WhiteTeam "Flughafen München 1"]
[BlackTeam "Europäisches Patentamt Mü. 1"]

1. d4 c5 2. d5 e5 3. e4 d6 4. Nc3 Be7 5. Nge2 Bg5 6. Ng3 Nh6 7. Be2 O-O 8. O-O
a6 9. f4 exf4 10. Bxf4 Bxf4 11. Rxf4 b5 12. a3 Nd7 13. Qd2 Ne5 14. Raf1 Rb8 {
Aufgabe Schwarz, da kein weiteres Mannschaftsmitglied mehr gekommen ist.} 1-0

[Event "DBMM 2015 (XV.)"]
[Site "München"]
[Date "2015.10.25"]
[Round "7.2"]
[White "FM Guth, Thomas"]
[Black "Schmidt, Hans"]
[Result "1-0"]
[WhiteElo "2293"]
[BlackElo "2064"]
[PlyCount "45"]
[EventDate "2015.10.22"]
[EventRounds "7"]
[EventCountry "GER"]
[WhiteTeam "Allianz Global Investors Ffm 1"]
[BlackTeam "Bayerische Landesbank 1"]

1. e4 c6 2. d4 d5 3. exd5 cxd5 4. Bd3 Nf6 5. h3 e6 6. Nf3 b6 7. c3 Be7 8. O-O
O-O 9. Qe2 Bb7 10. Nbd2 Nbd7 11. Re1 Re8 12. Ne5 Nxe5 13. dxe5 Nd7 14. Qg4 g6
15. Nf3 Nc5 16. Bc2 Ne4 17. Ba4 h5 18. Qf4 Rf8 19. Qh6 b5 20. Rxe4 dxe4 21. Ng5
Bxg5 22. Bxg5 bxa4 23. Bf6 1-0

[Event "DBMM 2015 (XV.)"]
[Site "München"]
[Date "2015.10.25"]
[Round "7.3"]
[White "Luft, Martin"]
[Black "FM Wahedi, Ahmad Siar"]
[Result "1-0"]
[WhiteElo "2114"]
[BlackElo "2286"]
[PlyCount "91"]
[EventDate "2015.10.22"]
[EventRounds "7"]
[EventCountry "GER"]
[WhiteTeam "Bayerische Landesbank 1"]
[BlackTeam "Allianz Global Investors Ffm 1"]

1. d4 c5 2. e3 Nf6 3. Nf3 e6 4. Bd3 a6 5. b3 b5 6. a4 cxd4 7. exd4 b4 8. O-O
Bb7 9. Bg5 Be7 10. Nbd2 d6 11. a5 Nbd7 12. Nc4 h6 13. Bh4 Qc7 14. Ra4 g5 15.
Bg3 Nd5 16. Qd2 Bc6 17. Raa1 Nc3 18. Rfe1 O-O-O 19. Nb6+ Kb7 20. d5 Nxd5 21.
Nxd5 Bxd5 22. Qxb4+ Ka7 23. Be4 Bxe4 24. Qxe4 Rc8 25. Nd4 Bf6 26. Rad1 Ne5 27.
f3 Qb7 28. Qe3 Ka8 29. c4 Rhd8 30. Bf2 h5 31. Ne2 h4 32. h3 Nc6 33. Nc3 Qxb3
34. Rb1 Qxc4 35. Na4 Bd4 36. Nb6+ Bxb6 37. Rxb6 Rd7 38. Rc1 Ne5 39. Rxc4 Nxc4
40. Rxa6+ Kb8 41. Qxg5 e5 42. Qxh4 Rb7 43. Qe4 f5 44. Qxf5 Nd2 45. Ra8+ Kxa8
46. Qxc8+ 1-0

[Event "DBMM 2015 (XV.)"]
[Site "München"]
[Date "2015.10.25"]
[Round "7.4"]
[White "Büscher, Henrik Dr"]
[Black "WIM Ankerst, Milka"]
[Result "1/2-1/2"]
[WhiteElo "2112"]
[BlackElo "2054"]
[PlyCount "57"]
[EventDate "2015.10.22"]
[EventRounds "7"]
[EventCountry "GER"]
[WhiteTeam "Allianz Global Investors Ffm 1"]
[BlackTeam "Bayerische Landesbank 1"]

1. d4 Nf6 2. e3 e6 3. f4 c5 4. c3 Nc6 5. Nf3 Be7 6. Bd3 Qc7 7. O-O O-O 8. Qe1
b6 9. e4 d6 10. e5 Ne8 11. Nbd2 Bb7 12. dxc5 dxc5 13. Ne4 Rd8 14. Qe2 Na5 15.
Nfg5 h6 16. Nh3 c4 17. Bc2 b5 18. Be3 Bd5 19. Qf2 Qc6 20. Nd2 f5 21. Bxa7 Nb7
22. Be3 Nc5 23. Nf3 Ne4 24. Bxe4 Bxe4 25. Nd4 Qa6 26. a3 Nc7 27. Qe1 Qb7 28.
Qg3 Kh7 29. Nf2 1/2-1/2

[Event "DBMM 2015 (XV.)"]
[Site "München"]
[Date "2015.10.25"]
[Round "7.3"]
[White "Bröhl, Stephan"]
[Black "Rabenstein, Winfried"]
[Result "1/2-1/2"]
[WhiteElo "2122"]
[BlackElo "2036"]
[PlyCount "132"]
[EventDate "2015.10.22"]
[EventRounds "7"]
[EventCountry "GER"]
[WhiteTeam "BM Ernährung Landwirtschaft Bonn"]
[BlackTeam "Europäisches Patentamt Mü. 2"]

1. e4 c5 2. Nc3 e6 3. Nge2 Nc6 4. d4 cxd4 5. Nxd4 Nf6 6. Ndb5 d6 7. Bf4 e5 8.
Bg5 a6 9. Na3 b5 10. Nd5 Be7 11. Bxf6 Bxf6 12. c4 b4 13. Nc2 a5 14. g3 Bg5 15.
h4 Bh6 16. Bh3 Ne7 17. Nce3 Bxe3 18. Nxe3 O-O 19. Bxc8 Rxc8 20. Qd3 Qd7 21. Rd1
f5 22. exf5 Nxf5 23. Nxf5 Qxf5 24. Qxf5 Rxf5 25. b3 a4 26. Ke2 axb3 27. axb3
Rcf8 28. Rhf1 Rf3 29. Rxd6 Rxb3 30. Rd3 Rb2+ 31. Ke3 Rc2 32. Rd5 Rc3+ 33. Ke2
Ra8 34. Rb1 Ra2+ 35. Ke1 b3 36. Rd2 Kf7 37. c5 h5 38. Rdb2 Ra3 39. Kd2 Rf3 40.
Ke2 e4 41. Rd1 Ra2 42. Rdd2 Rxb2 43. Rxb2 Ke6 44. Rd2 Rc3 45. Rd6+ Ke5 46. Rb6
Kd5 47. c6 Kd6 48. Rb8 Kc7 49. Rb4 Rc2+ 50. Kd1 Rxf2 51. Rxb3 Kxc6 52. Ke1 Ra2
53. Rb8 Kd5 54. Rd8+ Ke5 55. Re8+ Kd4 56. Rb8 Rg2 57. Rb4+ Kd5 58. Rb5+ Kc4 59.
Rg5 Kd3 60. Rxg7 Ke3 61. Kf1 Rf2+ 62. Kg1 Rd2 63. Rf7 Ke2 64. Rf2+ Kd1 65. Rf1+
Ke2 66. Rf2+ Kd1 1/2-1/2

[Event "DBMM 2015 (XV.)"]
[Site "München"]
[Date "2015.10.25"]
[Round "7.4"]
[White "Jachs, Walter"]
[Black "Müller-Boge, Michael"]
[Result "0-1"]
[WhiteElo "2003"]
[BlackElo "1987"]
[PlyCount "64"]
[EventDate "2015.10.22"]
[EventType "team-swiss"]
[EventRounds "7"]
[EventCountry "GER"]
[WhiteTeam "Europäisches Patentamt Mü. 2"]
[BlackTeam "BM Ernährung Landwirtschaft Bonn"]

1. e4 c5 2. c3 d5 3. exd5 Qxd5 4. d4 g6 5. Be3 cxd4 6. cxd4 Bg7 7. Nc3 Qa5 8.
Nf3 Nh6 9. Bc4 O-O 10. O-O Bg4 11. h3 Bxf3 12. Qxf3 Nc6 13. Bb3 Nf5 14. Ne2 Qa6
15. Rfe1 e6 16. d5 exd5 17. Bxd5 Nxe3 18. fxe3 Bxb2 19. Rab1 Bg7 20. Nf4 Rae8
21. Kh1 Ne5 22. Qd1 b6 23. Qb3 Re7 24. Rbc1 Kh8 25. Rc2 Nd7 26. Nd3 Qa5 27.
Ree2 Nf6 28. Bf3 Ne4 29. Bxe4 Rxe4 30. Nf2 Rb4 31. Qd3 Qe5 32. Re1 Qg3 0-1

[Event "DBMM 2015 (XV.)"]
[Site "München"]
[Date "2015.10.25"]
[Round "7.1"]
[White "Gottschalk, Jens"]
[Black "IM Telljohann, Sven"]
[Result "0-1"]
[WhiteElo "2269"]
[BlackElo "2404"]
[PlyCount "56"]
[EventDate "2015.10.22"]
[EventRounds "7"]
[EventCountry "GER"]
[WhiteTeam "R+V Versicherungen Wiesbaden 1"]
[BlackTeam "DekaBank DGZ 1"]

1. d4 g6 2. c4 Bg7 3. g3 c5 4. d5 d6 5. Bg2 Na6 6. Nf3 Nc7 7. a4 Bf5 8. O-O Nf6
9. Nfd2 Bxb1 10. Nxb1 O-O 11. Bd2 b6 12. Bc3 a6 13. Nd2 b5 14. axb5 axb5 15. b3
Qb8 16. Rxa8 Qxa8 17. Qc2 Qb7 18. Ra1 Ra8 19. Qc1 Nd7 20. Bxg7 Kxg7 21. e3 Ra7
22. b4 cxb4 23. Rxa7 Qxa7 24. cxb5 Qc5 25. Qb1 Nf6 26. Bf1 Nxb5 27. Bxb5 Qxb5
28. e4 Qc5 0-1

[Event "DBMM 2015 (XV.)"]
[Site "München"]
[Date "2015.10.25"]
[Round "7.2"]
[White "Fulea, Dan Dr"]
[Black "Seidler, Lukas"]
[Result "0-1"]
[WhiteElo "2193"]
[BlackElo "2211"]
[PlyCount "106"]
[EventDate "2015.10.22"]
[EventRounds "7"]
[EventCountry "GER"]
[WhiteTeam "DekaBank DGZ 1"]
[BlackTeam "R+V Versicherungen Wiesbaden 1"]

1. e4 d5 2. exd5 Qxd5 3. Nc3 Qa5 4. d4 Nf6 5. Qd3 Bf5 6. Qb5+ Qxb5 7. Bxb5+ c6
8. Ba4 e6 9. Nf3 h6 10. Bf4 Bb4 11. O-O-O Bxc3 12. bxc3 Ne4 13. Rde1 Nxc3 14.
Bb3 Nd7 15. Ne5 Nxe5 16. Bxe5 O-O 17. Kb2 Nd5 18. g4 Bh7 19. h4 f6 20. Bd6 Rfe8
21. c4 Nb6 22. g5 Bf5 23. Rhg1 hxg5 24. hxg5 Kf7 25. Re3 Rad8 26. c5 Nc8 27.
g6+ Kg8 28. Rf3 Nxd6 29. cxd6 Be4 30. Rh3 Rxd6 31. f3 Bf5 32. Rh5 Kf8 33. Kc3
Ke7 34. Rh7 Rg8 35. Rh5 Rdd8 36. a4 Rh8 37. Rh7 Rxh7 38. gxh7 Kf7 39. Bc2 Bxc2
40. Kxc2 g5 41. Kc3 Rh8 42. Rh1 Kg6 43. Re1 Rxh7 44. Rxe6 Kf5 45. Rd6 Rf7 46.
Kd3 Kf4 47. Ke2 f5 48. a5 a6 49. Kf2 Rh7 50. Kg2 Re7 51. d5 Re2+ 52. Kf1 Rd2
53. Rd7 Rxd5 0-1

[Event "DBMM 2015 (XV.)"]
[Site "München"]
[Date "2015.10.25"]
[Round "7.3"]
[White "Werner, Gregor"]
[Black "Diehm, Alexander"]
[Result "1-0"]
[WhiteElo "2125"]
[BlackElo "2030"]
[PlyCount "101"]
[EventDate "2015.10.22"]
[EventRounds "7"]
[EventCountry "GER"]
[WhiteTeam "R+V Versicherungen Wiesbaden 1"]
[BlackTeam "DekaBank DGZ 1"]

1. d4 f5 2. e4 fxe4 3. Nc3 Nf6 4. f3 e3 5. Bxe3 e6 6. Bd3 b6 7. Qe2 Bb4 8. Nh3
Nd5 9. Bd2 Qh4+ 10. g3 Qxd4 11. Nxd5 Bxd2+ 12. Qxd2 Qxd5 13. Ng5 Nc6 14. Bxh7
Qxd2+ 15. Kxd2 Ne7 16. Be4 c6 17. f4 Bb7 18. Rae1 Rf8 19. h4 O-O-O 20. h5 Nf5
21. Bxf5 Rxf5 22. h6 gxh6 23. Rxh6 c5 24. Rh7 Rg8 25. Nf7 Rd5+ 26. Kc1 Rxg3 27.
Ne5 Rg2 28. Rd1 Rxd1+ 29. Kxd1 Be4 30. Rxd7 Bf3+ 31. Kc1 Rg1+ 32. Kd2 Rd1+ 33.
Ke3 Rxd7 34. Nxd7 Bd5 35. Nf8 Bxa2 36. b3 c4 37. b4 a5 38. bxa5 bxa5 39. Nxe6
a4 40. Nd4 Kd7 41. Nb5 Ke6 42. Nc3 Bb3 43. cxb3 axb3 44. Ke4 b2 45. f5+ Kf7 46.
Ke5 Ke7 47. f6+ Kf7 48. Kf5 Kf8 49. Kg6 Kg8 50. f7+ Kf8 51. Nb1 1-0

[Event "DBMM 2015 (XV.)"]
[Site "München"]
[Date "2015.10.25"]
[Round "7.4"]
[White "Ortinau, Peter"]
[Black "Launert, Martin Dr"]
[Result "1-0"]
[WhiteElo "2070"]
[BlackElo "1858"]
[PlyCount "85"]
[EventDate "2015.10.22"]
[EventRounds "7"]
[EventCountry "GER"]
[WhiteTeam "DekaBank DGZ 1"]
[BlackTeam "R+V Versicherungen Wiesbaden 1"]

1. d4 d5 2. c4 dxc4 3. e4 e5 4. Nf3 exd4 5. Bxc4 Bc5 6. O-O Nc6 7. Ng5 Nh6 8.
Nxf7 Nxf7 9. Bxf7+ Kxf7 10. Qh5+ g6 11. Qxc5 Qe7 12. Qxe7+ Nxe7 13. b4 a5 14.
b5 c5 15. bxc6 Nxc6 16. Ba3 Be6 17. Nd2 Rhd8 18. Rab1 Rd7 19. Rb2 Nb4 20. Bxb4
axb4 21. Rfb1 Rxa2 22. Rxa2 Bxa2 23. Rxb4 Rc7 24. f3 Rd7 25. Kf2 g5 26. Ke2 h5
27. Kd3 g4 28. f4 h4 29. f5 Kf6 30. Rxd4 Rc7 31. Ke3 Kg5 32. g3 b5 33. gxh4+
Kxh4 34. Kf4 Kh3 35. e5 Rc2 36. e6 b4 37. e7 Bf7 38. Kg5 Kxh2 39. Kxg4 Rc1 40.
Rxb4 Rc8 41. Kg5 Kg3 42. Ne4+ Kf3 43. Nd6 1-0

[Event "DBMM 2015 (XV.)"]
[Site "München"]
[Date "2015.10.25"]
[Round "7.2"]
[White "Gikas, Andreas Basilius"]
[Black "Heinrich, Thomas"]
[Result "1/2-1/2"]
[WhiteElo "2208"]
[BlackElo "2215"]
[PlyCount "22"]
[EventDate "2015.10.22"]
[EventRounds "7"]
[EventCountry "GER"]
[WhiteTeam "Deutsche Post Bonn 1"]
[BlackTeam "le-tex Publishing Services L. 1"]

1. e4 c5 2. Nf3 e6 3. d4 cxd4 4. Nxd4 a6 5. Be2 Nf6 6. Nc3 d6 7. O-O Be7 8. f4
Qc7 9. a4 O-O 10. Be3 Nc6 11. Qe1 Re8 1/2-1/2

[Event "DBMM 2015 (XV.)"]
[Site "München"]
[Date "2015.10.25"]
[Round "7.3"]
[White "Rohne, Lars"]
[Black "Lunnebach, Oliver"]
[Result "1-0"]
[WhiteElo "2145"]
[BlackElo "2120"]
[PlyCount "61"]
[EventDate "2015.10.22"]
[EventRounds "7"]
[EventCountry "GER"]
[WhiteTeam "le-tex Publishing Services L. 1"]
[BlackTeam "Deutsche Post Bonn 1"]

1. e4 c6 2. d4 d5 3. e5 Bf5 4. Nd2 e6 5. Nb3 Nd7 6. Nf3 h5 7. Be2 Nh6 8. h3 Be7
9. Be3 Qc7 10. Rc1 O-O-O 11. Qd2 Be4 12. O-O Bxf3 13. Bxf3 Nf5 14. Be2 Rdg8 15.
c4 g5 16. cxd5 exd5 17. Na5 Nb8 18. g4 Ng7 19. b4 Ne6 20. gxh5 Kd8 21. Bg4 Qb6
22. a3 Na6 23. Rc2 Nxb4 24. axb4 Bxb4 25. Nxc6+ bxc6 26. Qd3 Kd7 27. Qf5 Rg7
28. Rfc1 Be7 29. Rxc6 Qxc6 30. Rxc6 Kxc6 31. Qc2+ 1-0

[Event "DBMM 2015 (XV.)"]
[Site "München"]
[Date "2015.10.25"]
[Round "7.4"]
[White "Biedeköpper, Robert"]
[Black "Schreiter, Thomas"]
[Result "1/2-1/2"]
[WhiteElo "2021"]
[BlackElo "2043"]
[PlyCount "98"]
[EventDate "2015.10.22"]
[EventRounds "7"]
[EventCountry "GER"]
[WhiteTeam "Deutsche Post Bonn 1"]
[BlackTeam "le-tex Publishing Services L. 1"]

1. d4 d5 2. c4 e6 3. Nc3 Nf6 4. Bg5 Be7 5. e3 O-O 6. Rc1 h6 7. Bf4 c6 8. Nf3
Nbd7 9. Nd2 Re8 10. Bd3 Bf8 11. cxd5 Nxd5 12. Nxd5 exd5 13. O-O Nf6 14. a3 a5
15. h3 a4 16. Bc2 Qa5 17. Bb1 Ne4 18. Nf3 Be6 19. Qd3 g6 20. Rfd1 Bf5 21. Qe2
Qd8 22. g4 Bc8 23. Kg2 Re6 24. Ne5 Rf6 25. f3 Ng5 26. h4 Ne6 27. Bg3 Ng7 28.
Bf4 Ne6 29. Bg3 Ng7 30. Qd3 h5 31. Bf4 Rxf4 32. exf4 Qf6 33. f5 gxf5 34. g5 Qe6
35. Re1 Qd6 36. Kf2 Ra5 37. Rg1 Rb5 38. Qe2 f4 39. g6 f6 40. Nf7 Qe6 41. Qxe6
Bxe6 42. Nh6+ Kh8 43. Rc2 Bf5 44. Re2 Bxb1 45. Rxb1 c5 46. Rc1 c4 47. Rce1 Rb6
48. Nf7+ Kg8 49. Nh6+ Kh8 1/2-1/2

[Event "DBMM 2015 (XV.)"]
[Site "München"]
[Date "2015.10.25"]
[Round "7.4"]
[White "WFM Gempe, Anet"]
[Black "Tokarev, Igor"]
[Result "1/2-1/2"]
[WhiteElo "2045"]
[BlackElo "1988"]
[PlyCount "20"]
[EventDate "2015.10.22"]
[EventRounds "7"]
[EventCountry "GER"]
[WhiteTeam "ADAC München 1"]
[BlackTeam "SV Osram Augsburg 1"]

1. e4 c5 2. Nf3 d6 3. d4 cxd4 4. Nxd4 Nf6 5. Nc3 a6 6. Be2 e5 7. Nb3 Be7 8. O-O
Be6 9. Be3 O-O 10. f3 Nbd7 1/2-1/2

[Event "DBMM 2015 (XV.)"]
[Site "München"]
[Date "2015.10.25"]
[Round "7.1"]
[White "Hein, Ralf"]
[Black "FM Gohil, Harry"]
[Result "0-1"]
[WhiteElo "2040"]
[BlackElo "2282"]
[PlyCount "91"]
[EventDate "2015.10.22"]
[EventRounds "7"]
[EventCountry "GER"]
[WhiteTeam "Baubehörde Hamburg 1"]
[BlackTeam "Commerzbank Frankfurt 1"]

1. c4 g6 2. Nc3 Bg7 3. g3 d6 4. Bg2 Nf6 5. d3 O-O 6. e4 e5 7. Nge2 Be6 8. O-O
Qd7 9. b4 c6 10. a4 Bh3 11. b5 d5 12. Ba3 Rd8 13. a5 Bxg2 14. Kxg2 d4 15. Na4
cxb5 16. Nc5 Qc7 17. cxb5 Nbd7 18. Nb3 Rac8 19. Rc1 Qb8 20. Qd2 Ng4 21. Rxc8
Rxc8 22. Rc1 Bh6 23. Rxc8+ Qxc8 24. Qd1 Be3 25. Nexd4 Ndf6 26. Qc2 Qd8 27. Nf3
Bxf2 28. Bc1 Be3 29. h3 Bxc1 30. Qxc1 Qxd3 31. hxg4 Qe2+ 32. Kh3 Qxf3 33. Nd2
Qxg4+ 34. Kg2 Qe2+ 35. Kh3 h5 36. Qf1 Qg4+ 37. Kg2 Nxe4 38. Nxe4 Qxe4+ 39. Kh2
h4 40. Qf6 hxg3+ 41. Kxg3 Qf4+ 42. Qxf4 exf4+ 43. Kxf4 f6 44. Ke4 Kf7 45. Kd5
Ke7 46. a6 0-1

[Event "DBMM 2015 (XV.)"]
[Site "München"]
[Date "2015.10.25"]
[Round "7.3"]
[White "Buchholz, Robert"]
[Black "Brauer, Frank"]
[Result "1-0"]
[WhiteElo "1990"]
[BlackElo "1861"]
[PlyCount "123"]
[EventDate "2015.10.22"]
[EventRounds "7"]
[EventCountry "GER"]
[WhiteTeam "Baubehörde Hamburg 1"]
[BlackTeam "Commerzbank Frankfurt 1"]

1. d4 Nf6 2. c4 c5 3. d5 b5 4. cxb5 a6 5. bxa6 g6 6. Nc3 Bxa6 7. g3 d6 8. Bg2
Bg7 9. Nf3 O-O 10. O-O Nbd7 11. h3 Qa5 12. Re1 Rfb8 13. Qc2 Ne8 14. Bd2 Ne5 15.
Nxe5 Bxe5 16. f4 Bg7 17. e4 Bd4+ 18. Kh2 Ra7 19. e5 Rab7 20. Nd1 Qb5 21. Bc3
Bxc3 22. Qxc3 Qd3 23. b3 c4 24. Qxd3 cxd3 25. Nb2 Rb4 26. Red1 Rd4 27. Rd2 Nc7
28. exd6 exd6 29. Rad1 Nxd5 30. Bxd5 Rxd5 31. Nxd3 Rxd3 32. Rxd3 Bxd3 33. Rxd3
Rc8 34. a4 Rc2+ 35. Kg1 Rb2 36. a5 d5 37. a6 Ra2 38. Rxd5 Rxa6 39. Kf2 Ra2+ 40.
Ke3 Rb2 41. Rd3 Rh2 42. h4 Rb2 43. Kd4 h6 44. Kc5 Rc2+ 45. Kb5 Rb2 46. b4 Kg7
47. Kc5 Rc2+ 48. Kb6 g5 49. fxg5 hxg5 50. hxg5 Kg6 51. Rf3 Rc4 52. b5 Rg4 53.
Kc6 Rc4+ 54. Kd6 Rb4 55. Kc5 Rb1 56. b6 Kxg5 57. Rxf7 Kg4 58. b7 Kxg3 59. Kc6
Rc1+ 60. Kd7 Rd1+ 61. Kc8 Rc1+ 62. Rc7 1-0

[Event "DBMM 2015 (XV.)"]
[Site "München"]
[Date "2015.10.25"]
[Round "7.1"]
[White "Eggenstein, Frank"]
[Black "Körlin, Hans-Jürgen"]
[Result "1-0"]
[WhiteElo "2013"]
[BlackElo "1882"]
[PlyCount "67"]
[EventDate "2015.10.22"]
[EventRounds "7"]
[EventCountry "GER"]
[WhiteTeam "RWE Essen 1"]
[BlackTeam "Bezirksamt Berlin Tempelhof 1"]

1. e4 e5 2. Nf3 Nc6 3. d4 exd4 4. Nxd4 Nf6 5. Nxc6 bxc6 6. e5 Qe7 7. Qe2 Nd5 8.
c4 Ba6 9. Nd2 O-O-O 10. Qe4 Nb6 11. b3 d5 12. Qe3 d4 13. Qg3 c5 14. Bd3 h5 15.
f4 h4 16. Qh3+ Kb8 17. O-O g6 18. Ne4 Bg7 19. Ba3 Nd7 20. b4 Bc8 21. Qf3 Bb7
22. bxc5 Bc6 23. Rab1+ Kc8 24. Nd6+ Qxd6 25. cxd6 Bxf3 26. Rxf3 cxd6 27. Bxd6
Bf8 28. c5 Bxd6 29. Ba6+ Kc7 30. cxd6+ Kc6 31. Bb7+ Kc5 32. Rff1 d3 33. Rfc1+
Kd4 34. Kf2 1-0

[Event "DBMM 2015 (XV.)"]
[Site "München"]
[Date "2015.10.25"]
[Round "7.3"]
[White "Gielisch, Eckhart"]
[Black "Schmidt, Jörg"]
[Result "1/2-1/2"]
[WhiteElo "1758"]
[BlackElo "1736"]
[PlyCount "103"]
[EventDate "2015.10.22"]
[EventRounds "7"]
[EventCountry "GER"]
[WhiteTeam "RWE Essen 1"]
[BlackTeam "Bezirksamt Berlin Tempelhof 1"]

1. d4 Nf6 2. c4 g6 3. Nc3 Bg7 4. e4 d6 5. f3 O-O 6. Be3 e5 7. d5 c5 8. Qd2 Re8
9. Bd3 a6 10. Nge2 Nbd7 11. O-O h5 12. Bh6 Bh8 13. Bg5 Qc7 14. f4 Nh7 15. Bh4
f6 16. fxe5 Nxe5 17. Bg3 Qe7 18. Rae1 g5 19. Kh1 h4 20. Bf2 h3 21. Ng1 hxg2+
22. Kxg2 Qd7 23. Bg3 Bg7 24. Nd1 b5 25. Ne3 bxc4 26. Nxc4 Nxc4 27. Bxc4 Nf8 28.
Kh1 Ng6 29. Nf3 Bh6 30. Qg2 Rb8 31. b3 Rb6 32. Rf2 Qg4 33. Rfe2 Nf4 34. Bxf4
Qxf4 35. Qg3 Qxg3 36. hxg3 Bg4 37. Kg2 a5 38. Re3 Kg7 39. Nd2 Bh5 40. Bd3 g4
41. R3e2 Bxd2 42. Rxd2 Rb4 43. Kf2 Rd4 44. Re3 Bg6 45. Rde2 Rh8 46. Ke1 Rh1+
47. Kd2 a4 48. Kc3 a3 49. Re1 Rh5 50. R1e2 Re5 51. Re1 Bh7 52. R1e2 1/2-1/2

[Event "DBMM 2015 (XV.)"]
[Site "München"]
[Date "2015.10.25"]
[Round "7.4"]
[White "Baranowsky, Peter"]
[Black "Hielscher, Klaus-Peter"]
[Result "1-0"]
[WhiteElo "1945"]
[BlackElo "1727"]
[PlyCount "103"]
[EventDate "2015.10.22"]
[EventRounds "7"]
[EventCountry "GER"]
[WhiteTeam "Bezirksamt Berlin Tempelhof 1"]
[BlackTeam "RWE Essen 1"]

1. d4 Nf6 2. c4 g6 3. Nc3 Bg7 4. e4 d6 5. Bd3 e5 6. Nge2 O-O 7. O-O Bg4 8. f3
exd4 9. Nxd4 Bd7 10. Bg5 c6 11. Qd2 Re8 12. Rae1 Qb6 13. Be3 Qd8 14. Bb1 Na6
15. Bh6 Bh8 16. Nf5 Bxf5 17. exf5 Rxe1 18. Rxe1 d5 19. Rd1 Qd7 20. cxd5 cxd5
21. Nxd5 Nxd5 22. Qxd5 Qxd5 23. Rxd5 Bxb2 24. Be4 Nb4 25. Rd7 a5 26. Bxb7 Rb8
27. Bf4 Re8 28. Be4 Bc3 29. a3 gxf5 30. Bxf5 Nc6 31. Be4 Nd4 32. Kf1 Ne6 33.
Bh6 Nc5 34. Rc7 Nxe4 35. fxe4 Bd4 36. Rc4 Be5 37. Rc5 f6 38. Rxa5 Bb2 39. Ra4
Rd8 40. Ke2 Be5 41. g3 Rb8 42. Bf4 Rb2+ 43. Kf3 Rxh2 44. Bxe5 fxe5 45. Ra5 Ra2
46. Kg4 Kg7 47. Ra7+ Kg6 48. Ra6+ Kg7 49. Kf5 Rf2+ 50. Kxe5 Rf3 51. g4 Kf7 52.
a4 1-0

[Event "DBMM 2015 (XV.)"]
[Site "München"]
[Date "2015.10.25"]
[Round "7.1"]
[White "WGM Belic, Jordanka"]
[Black "Capris, Marius"]
[Result "1-0"]
[WhiteElo "2248"]
[BlackElo "1952"]
[PlyCount "59"]
[EventDate "2015.10.22"]
[EventRounds "7"]
[EventCountry "GER"]
[WhiteTeam "imp GmbH Halle/Saale 1"]
[BlackTeam "Fiducia IT 1"]

1. e4 e6 2. d4 d5 3. Nc3 Nf6 4. Bg5 Be7 5. e5 Nfd7 6. Bxe7 Qxe7 7. f4 f5 8.
exf6 Nxf6 9. Qd2 c5 10. Nf3 O-O 11. dxc5 Qxc5 12. g3 Nc6 13. O-O-O Ng4 14. Na4
Qf2 15. Bg2 b5 16. Nc3 Qc5 17. Nd4 Na5 18. Qe2 Nc4 19. Qxg4 Qb4 20. Nb3 Ne3 21.
Qe2 Nxd1 22. Rxd1 Rb8 23. Qe5 Rb6 24. Rd4 Qd6 25. Qxd6 Rxd6 26. Nxb5 Ra6 27.
Nc3 Kh8 28. Nc5 Rc6 29. Nd3 h6 30. Ne5 1-0

[Event "DBMM 2015 (XV.)"]
[Site "München"]
[Date "2015.10.25"]
[Round "7.2"]
[White "Kühn, Patrick"]
[Black "Reinemann, Günter Dr"]
[Result "1-0"]
[WhiteElo "2206"]
[BlackElo "1930"]
[PlyCount "61"]
[EventDate "2015.10.22"]
[EventRounds "7"]
[EventCountry "GER"]
[WhiteTeam "Fiducia IT 1"]
[BlackTeam "imp GmbH Halle/Saale 1"]

1. e4 e6 2. d4 d5 3. Nc3 dxe4 4. Nxe4 Nd7 5. Nf3 Ngf6 6. Ng3 c5 7. Be2 cxd4 8.
Nxd4 Qa5+ 9. c3 a6 10. O-O h5 11. h4 Be7 12. Bg5 Qd8 13. Re1 Kf8 14. Bf3 Kg8
15. Qe2 Nf8 16. Rad1 Qc7 17. Ndf5 Ng6 18. Nxe7+ Nxe7 19. Bxf6 gxf6 20. Nxh5 Ng6
21. Qe4 Rb8 22. Qd4 e5 23. Qd8+ Qxd8 24. Rxd8+ Kh7 25. Nxf6+ Kg7 26. Rxh8 Kxh8
27. h5 Nh4 28. Bd5 Kg7 29. Ne8+ Kf8 30. Nd6 f6 31. Nxc8 1-0

[Event "DBMM 2015 (XV.)"]
[Site "München"]
[Date "2015.10.25"]
[Round "7.3"]
[White "Kleint, Gert"]
[Black "Hofbauer, Bernhard"]
[Result "0-1"]
[WhiteElo "1757"]
[BlackElo "1954"]
[Annotator "Peter"]
[PlyCount "80"]
[EventDate "2015.10.22"]
[EventRounds "7"]
[EventCountry "GER"]
[WhiteTeam "imp GmbH Halle/Saale 1"]
[BlackTeam "Fiducia IT 1"]

1. d4 Nf6 2. c4 e6 3. Nc3 Bb4 4. e3 b6 5. Nf3 Ne4 6. Bd2 Bxc3 7. Bxc3 Nxc3 8.
bxc3 Bb7 9. Be2 O-O 10. O-O d6 11. Qc2 Qe7 12. e4 e5 13. d5 Bc8 14. Rfe1 Nd7
15. Nd2 a5 16. a4 Nc5 17. Nb3 Nxb3 18. Qxb3 f5 19. exf5 Bxf5 20. Qd1 Qg5 21.
Ra2 Bd7 22. Qc1 Qf5 23. Qe3 Rae8 24. Bd1 Qf4 25. Qe4 Rf6 26. Rae2 Ref8 27. Bb3
Qxe4 28. Rxe4 Rxf2 29. R4e2 R2f4 30. h3 Bf5 31. Re3 Bg6 32. R1e2 Rf1+ 33. Kh2
Rb1 34. Ba2 Rbf1 35. Kg3 Be8 36. Bb3 Ra1 37. c5 Bxa4 38. Bxa4 Rxa4 39. cxb6
cxb6 40. Rb2 Rb8 {restliche Züge fehlen} 0-1

[Event "DBMM 2015 (XV.)"]
[Site "München"]
[Date "2015.10.25"]
[Round "7.4"]
[White "Rosenberger, Josef"]
[Black "Binnewies, Markus"]
[Result "1-0"]
[WhiteElo "1596"]
[BlackElo "1605"]
[PlyCount "65"]
[EventDate "2015.10.22"]
[EventRounds "7"]
[EventCountry "GER"]
[WhiteTeam "Fiducia IT 1"]
[BlackTeam "imp GmbH Halle/Saale 1"]

1. d4 Nf6 2. c4 d6 3. Nc3 Nbd7 4. Nf3 e5 5. e4 a6 6. Bg5 Be7 7. Be2 c6 8. d5 c5
9. O-O O-O 10. h3 Kh8 11. Nd2 Ng8 12. Be3 g6 13. f4 f5 14. exf5 gxf5 15. fxe5
dxe5 16. Nb3 Bd6 17. Qe1 b6 18. Bf2 Qe8 19. Bh4 Ndf6 20. Qg3 Ra7 21. Rae1 Rg7
22. Qf2 f4 23. Bd3 Bxh3 24. Bxf6 Nxf6 25. Qh4 Bxg2 26. Kf2 e4 27. Rg1 f3 28.
Nxe4 Nxe4+ 29. Rxe4 Bg3+ 30. Qxg3 Rxg3 31. Rxe8 Rxe8 32. Kxg3 Re3 33. Bf1 1-0